Pío XII por un mundo mejor

محفوظ في:
التفاصيل البيبلوغرافية
المؤلف الرئيسي: Lombardi, Ricardo (autor)
التنسيق: كتاب
اللغة:الإسبانية
منشور في: Barcelona Balmes 1956
الطبعة:2a. ed
سلاسل:Biblioteca de Difusión Cultural, 3
الموضوعات:
الوسوم: إضافة وسم
لا توجد وسوم, كن أول من يضع وسما على هذه التسجيلة!

MARC

LEADER 00000nam a2200000 a 4500
001 UCR1818
003 CL-VaPUC
008 971219e19560000SP |||||||||||||||||spa|d
082 0 4 |a 262.13  |b LOM  |2 21 
100 |a Lombardi, Ricardo  |e autor  |9 543931 
245 1 0 |a Pío XII por un mundo mejor 
250 |a 2a. ed 
300 |a 557 p 
942 |c BK 
945 |d 19971219 00:00:00  |a jquezada 
260 |a Barcelona  |b Balmes  |c 1956 
600 0 |a Iglesia católica  |9 255129 
600 0 |a Pío XII,   |d 1876-1958  |c Papa  |9 321754 
650 0 |a Eclesiología   |9 366152 
650 0 |a Documentos pontificios   |9 255642 
650 7 |a OBREROS  |2 CL-VaPUC  |9 358117 
650 0 |a Democracia  |9 255256 
650 0 |a Género humano  |9 399337 
650 7 |a HUMANIDAD  |2 CL-VaPUC  |9 309969 
650 7 |a DIOCESIS  |2 CL-VaPUC  |9 399338 
650 0 |a Política  |9 255312 
650 7 |a CONVERSION  |2 CL-VaPUC  |9 310975 
583 |a last modification  |c 19971219 00:00:00  |k Rodrigo Vera 
490 0 |a Biblioteca de Difusión Cultural, 3 
999 |c 265180  |d 265178 
952 |0 0  |1 0  |4 0  |6 262_130000000000000_LOM_1956  |7 0  |8 A  |9 296005  |a BIBTEO  |b BIBTEO  |d 2019-11-20  |i 3372367  |o 262.13 LOM 1956  |p 3372367  |r 2025-01-17  |w 2019-11-20  |y BK  |k ICR